[Event "Steinfurt Bezirksklasse 0304"]
[Site "Germany"]
[Date "2003.12.06"]
[Round "4.8"]
[White "Jaersch, Christian"]
[Black "Mustafa, Riad"]
[Result "1-0"]
[WhiteElo "1354"]
[BlackElo "1174"]
[PlyCount "57"]
[EventDate "2003.09.27"]
[EventType "team-tourn"]
[EventRounds "11"]
[EventCountry "GER"]
[SourceTitle "EXT 2005"]
[Source "ChessBase"]
[SourceDate "2004.11.15"]
[SourceVersion "1"]
[SourceVersionDate "2004.11.15"]
[SourceQuality "1"]
[WhiteTeam "Nordwalde II"]
[BlackTeam "Steinfurt IV"]
[WhiteTeamCountry "GER"]
[BlackTeamCountry "GER"]

1. d4 g6 2. c4 Bg7 3. Nc3 e6 4. Bf4 a6 5. e3 Ne7 6. Nf3 c6 7. Be2 Qb6 8. Qc2 d5 9. c5 Nd7 10. cxb6 Nxb6 11. 0-0 Bd7 12. Be5 f6 13. Bd6 Nf5 14. Bc5 Nc8 15. Bd3 Nh6 16. Bxg6+ hxg6 17. Qxg6+ Kd8 18. Qxg7 Re8 19. Qxf6+ Kc7 20. Qxh6 b6 21. Ba3 Na7 22. Ne5 Rh8 23. Qg7 Rad8 24. Rac1 a5 25. b4 Nc8 26. Nb5+ Kb7 27. Nxd7 cxb5 28. Nc5+ Kb8 29. Qb7# 1-0

[Event "Steinfurt Bezirksliga 0203"]
[Site "Germany"]
[Date "2003.05.10"]
[Round "9.7"]
[White "Jaersch, Christian"]
[Black "Schellmann, Mareike"]
[Result "0-1"]
[WhiteElo "1352"]
[BlackElo "1629"]
[PlyCount "58"]
[EventDate "2002.09.14"]
[EventType "team-tourn"]
[EventRounds "9"]
[EventCountry "GER"]
[SourceTitle "EXT 2004"]
[Source "ChessBase"]
[SourceDate "2003.11.25"]
[SourceVersion "1"]
[SourceVersionDate "2003.11.25"]
[SourceQuality "1"]
[WhiteTeam "Nordwalde II"]
[BlackTeam "Emsdetten Rochade II"]
[WhiteTeamCountry "GER"]
[BlackTeamCountry "GER"]

1. d4 Nf6 2. c4 d6 3. Nc3 g6 4. e3 Bg7 5. Bd3 0-0 6. Nf3 Nbd7 7. 0-0 e5 8. dxe5 dxe5 9. Bc2 Nh5 10. e4 Nc5 11. Qxd8 Rxd8 12. h3 c6 13. Rb1 Be6 14. b3 Nf4 15. Be3 Ncd3 16. Bxd3 Rxd3 17. Bxf4 exf4 18. Ne2 Bh6 19. Ned4 Rd8 20. Nc2 Bxh3 21. Ne5 Rd2 22. gxh3 Rxc2 23. Rbd1 Rcd2 24. Rxd2 Rxd2 25. Kg2 Bg7 26. Nf3 Rxa2 27. Rd1 Rb2 28. Rd8+ Bf8 29. Ne5 Kg7 0-1

[Event "Steinfurt Bezirksliga 0203"]
[Site "Germany"]
[Date "2002.09.14"]
[Round "1.8"]
[White "Zachert, Axel"]
[Black "Jaersch, Christian"]
[Result "1-0"]
[WhiteElo "1673"]
[BlackElo "1352"]
[PlyCount "99"]
[EventDate "2002.09.14"]
[EventType "team-tourn"]
[EventRounds "9"]
[EventCountry "GER"]
[SourceTitle "EXT 2004"]
[Source "ChessBase"]
[SourceDate "2003.11.25"]
[SourceVersion "1"]
[SourceVersionDate "2003.11.25"]
[SourceQuality "1"]
[WhiteTeam "Westerkappeln"]
[BlackTeam "Nordwalde II"]
[WhiteTeamCountry "GER"]
[BlackTeamCountry "GER"]

1. d4 e6 2. Nf3 Nf6 3. b3 d5 4. e3 Nbd7 5. Bb2 c6 6. Be2 Bd6 7. c4 dxc4 8. Bxc4 Nb6 9. Bd3 Nbd5 10. 0-0 Ne7 11. Nbd2 0-0 12. Qc2 Ng6 13. Nc4 Bc7 14. Rac1 Re8 15. Bxg6 hxg6 16. Rfd1 Bd7 17. Ba3 Nh7 18. Bd6 b5 19. Bxc7 Qxc7 20. Nce5 Rac8 21. b4 a6 22. Rd3 g5 23. Rc3 g4 24. Nd2 Nf6 25. Nxd7 Qxd7 26. Rxc6 Rxc6 27. Qxc6 Qxc6 28. Rxc6 Ra8 29. Nb3 Nd5 30. a3 Ne7 31. Rc5 f6 32. f3 gxf3 33. gxf3 Kf7 34. Kg2 Nd5 35. e4 Ne7 36. Rc7 Rc8 37. Rxc8 Nxc8 38. Nc5 Nb6 39. Nxa6 Nc4 40. Nc7 Nxa3 41. d5 exd5 42. Nxd5 Nc4 43. Nc3 Na3 44. h4 Kg6 45. Kg3 Kh5 46. f4 Kg6 47. Kg4 Kh6 48. e5 fxe5 49. fxe5 Kg6 50. h5+ 1-0